MDQL
is popping MORE tags! Check the
thread
!
Quizzes
Events
Quiz Creation
Community
Videos
Private Events
Remove Ads
Sign In
Join for FREE
Feedback
Dark Mode
Quiz Categories
Sports
Geography
Music
Movies
Television
Just For Fun
Miscellaneous
History
Literature
Language
Science
Gaming
Entertainment
Religion
Holiday
For Kids
Quiz Lab
Recent
Popular Today
Quiz Kudos Today
Editor Picks
Curator Picks
Quizzes by...
Day
Popularity
Type
Ratings
Length
Year
Community
Subscriptions
Recent Discussions
Orange Saloon
Badges
Playlists
Quests
Create
Leaderboards
Showdown
Live 5
Trivia Bingo
Activity
Puzzle Library
Sporcle Events
Private Events
Virtual Trivia
Globe League
Become a Host
Pub Owners
SporcleCon
Opinionation
Our Games
Videos
Blog
Mobile Apps
Partnerships
Remove Ads and Go Orange
Feedback
Miscellaneous
Crossword
General Knowledge
Baby Names
Logo
Food
Cars
Numbers
Grab Bag
University
College
Popular
Company
Slogans
Restaurants
Justice
Letter
Miscellaneous
Crossword
General Knowledge
Baby Names
Logo
Food
Cars
Numbers
Grab Bag
University
College
Popular
Company
Slogans
Restaurants
Justice
Letter
Random Quiz
Search Sporcle
×
Quiz Lab
Quiz Lab
Miscellaneous
Celebrity
Type in answers that appear in a list
Type in answers that appear in a list
Classic
Best Score? Go Orange.
Born in London Stats
Can you name the famous people pictured below, all of whom were born in and around London, England?
By
amabam_amare
4m
20 Questions
234 Plays
234 Plays
234 Plays
Comments
Comments
Give Quiz Kudos
Give Quiz Kudos
-
- Ratings
hide this ad
Replay
Link that replays current quiz
Next Quiz
Link to next quiz in quiz playlist
You Got
0%
They Got
Avg Score
47%
Avg Friend Score
Upgrade to see
Score Distribution
Jump to the score distribution portion of the page
Score
0/20
Timer
04:00
0
Plays Today
% Correct
Queen Victoria
83.3%
Daniel Radcliffe
80.3%
Helena Bonham Carter
79.9%
Alfred Hitchcock
79.1%
Prince William & Prince Harry
76.5%
Benedict Cumberbatch
76.1%
Stephen Fry
73.1%
Michael Caine
72.2%
Naomi Campbell
59.8%
Catherine Tate
51.7%
% Correct
Angela Lansbury
50.4%
Idris Elba
48.7%
Elvis Costello
43.6%
Charlie Chaplin
33.3%
Mary Shelley
12%
Geoffrey Chaucer
10.7%
Beatrix Potter
7.3%
Jim Sturgess
5.6%
William Blake
4.3%
A.A. Milne
3.4%
Quiz Playlist
Details
Report
Send in Message
Add To Playlist
Classic:
Type in answers that appear in a list
Last Updated: Apr 30, 2018
Quiz Scoreboard
CHALLENGE
Sign Up to Join the Scoreboard
Show All
Scores
Hide
Comments
May contain spoilers
Recently Published
1-10 Letter E Words III
by El_Dandy
Language
2m
Street Fighter Characters
by Artimus82
Gaming
60s
College Basketball Coaching Resumes
by pancakes188
Sports
9m
More to Explore
Quiz From the Vault
Featured Blog Post
Where Did the Easter Bunny Come From?
hide this ad
You Might Also Like...
Tags
Celebrity Quiz
Born
face
Famous People
Image Quiz
London
Today's Top Quizzes in Miscellaneous
Browse Miscellaneous
hide this ad
Today's Top Quizzes in Celebrity
Browse Celebrity
Top Contributed Quizzes in Miscellaneous
1
5-to-1: Fast Food
2
The JOE quick-fire general knowledge quiz: Day 174
3
The JOE quick-fire general knowledge quiz: Day 173
4
5-to-1: Cocktails
5
The JOE quick-fire general knowledge quiz: Day 172
6
9x9 Crossword: Disney Movie Titles
7
9x9 Crossword: Charlie and the Chocolate Factory
8
Sunday Crossword: Famous Bodies of Water
9
The JOE quick-fire general knowledge quiz: Day 171
10
9x9 Crossword: Flags
Explore More
Trending Topics
Kpop
Harry Potter
NBA
Disney
Marvel
Anime
Crossword
Pokémon
Country
Puzzle
NFL
Soccer
Song
The Office
WWE
hide this ad
More By:
amabam_amare
Quiz
Plays
Rating
Category
Featured
Created
Cake or Death? II
136,621
4.18
Just For Fun
Sep 2, 2013
Doo-Wee-Ooh
1,304
4.35
Television
Sep 2, 2013
Jingle Bells, Batman Smells
1,297
3.29
Holiday
Dec 7, 2013
Tricky Clicky Minute: States
1,073
4.73
Geography
Nov 18, 2013
One Love
524
5.00
Music
Mar 21, 2013
Go to Creator's Profile
Score Distribution
Quiz Creator Spotlight
amabam_amare
Follow
Send a Message
Quizzes Created
-
Created Quiz Play Count
-
More By This Creator
Popular Quizzes Today
1
Find the US States - No Outlines Minefield
2
Find the Countries of Europe - No Outlines Minefield
3
The Countries of the World
4
Find the US States
5
Risky Map Clicking: Biggest States A-Z
6
US States
7
Popular People in 1961
8
Movies - When Are They Set?
More Miscellaneous Quizzes
Phonetics to Images: Fruit
Quiz Lab
Trending Quizzes
Risky Map Clicking: Least Populous States A-Z
Billboard Blitz: Aretha Franklin
Famous Russians: Author or Composer?
1-10 Letter G Words
Countries of the World: 200 Million BC
Recently Updated
Leaping Animals
pecheneg
Reality TV Shows (A-Z)
bhenderson79
Rickey Henderson's Hall of Fame Teammates
pecheneg
Champions League XIs: Arsenal
pecheneg
Quick Pick: Celebrities in WWE's Hall of Fame
aduchscher
A-Z Keypad Blitz II
pecheneg
Multiple Oscar Actors
pecheneg
Mystery Phrase Blitz: Oscar 'Best Actors'
pecheneg
F. Scott Fitzgerald Novels
LTH
Pick 3 Villains
ddd62291
Trending Topics
Crossword
Kpop
Marvel
NBA
Harry Potter
Anime
Disney
Puzzle
Pokémon
NFL
Song
Country
WWE
Soccer
The Office
Your Account Isn't Verified!
In order to create a playlist on Sporcle, you need to verify the email address you used during registration. Go to your
Sporcle Settings
to finish the process.
Report this User
Report this user for behavior that violates our
Community Guidelines
.
Details:
Send Report
Go to the Sporcle.com Mobile Site →
Comments